LIBRARY & INFORMATION CENTRE, KCAET, TAVANUR

ONLINE PUBLIC ACCESS CATALOGUE (OPAC)

Agricultural Drainage and Water Quality (Record no. 14611)

MARC details
000 -LEADER
fixed length control field 00320nam a22001217a 4500
020 ## - INTERNATIONAL STANDARD BOOK NUMBER
ISBN 9789350562345
082 ## - DEWEY DECIMAL CLASSIFICATION NUMBER
Classification number 627.520954
Item number PAN/AG
100 ## - MAIN ENTRY--AUTHOR NAME
Personal name Pandey,Anupam
245 ## - TITLE STATEMENT
Title Agricultural Drainage and Water Quality
260 ## - PUBLICATION, DISTRIBUTION, ETC. (IMPRINT)
Place of publication New Delhi
Name of publisher Discovery Publishing House Pvt. Ltd
Year of publication 2013
300 ## - PHYSICAL DESCRIPTION
Number of Pages 219
942 ## - ADDED ENTRY ELEMENTS (KOHA)
Koha item type Books
Holdings
Withdrawn status Lost status Damaged status Collection code Home library Current library Shelving location Date acquired Source of acquisition Cost, normal purchase price Full call number Accession Number Koha item type
        KAUAET KAUAET General Stacks 20/07/2016 Southern Book Star, Tvm 1150.00 627.520954 PAN/AG 24886 Books
free website counter